Football Players Born in the 2000's #1 - Sudden Death - Statistics

General Stats
  • This quiz has been taken 113 times
  • The average score is 6 of 10
Answers on the Grid
Answers color-coded by a green-red scale on the quiz's grid according to % correct below.
Phil Foden
Ousmane Dembélé
Nico Williams
Marc Cucurella
Lamine Yamal
Kylian Mbappé
Kai Havertz
Julián Alvarez
João Félix
Federico Valverde
Ethan Nwaneri
Erling Haaland
Cole Palmer
Bukayo Saka
Arda Güler
Antony
 
Answer Stats
Answer % Correct
Lamine Yamal
75%
Phil Foden
73%
Bukayo Saka
61%
Arda Güler
58%
Cole Palmer
58%
Nico Williams
58%
Ethan Nwaneri
54%
Erling Haaland
51%
Julián Alvarez
48%
Antony
19%
No matching quizzes found
Score Distribution
Percent of People with Each Score
Percentile by Number Answered
Your Score History
You have not taken this quiz